| 000 | 04323nam a2200493 i 4500 | ||
|---|---|---|---|
| 001 | 193500 | ||
| 003 | SpMaBN | ||
| 005 | 20250709180449.0 | ||
| 007 | ta | ||
| 008 | 240103s2022 sp a | |||| 000 0dspa | ||
| 017 |
_aM 23169-2022 _bOficina Depósito Legal Madrid |
||
| 020 | _a9788417547912 | ||
| 035 | _aa7191985 | ||
| 040 |
_aSpMaBN _bspa _cSpMaBN _erda _dES-MaACL |
||
| 080 | _a55/59-051 Chapman, Abel | ||
| 080 | _a55/59-051 Buck, Walter J. | ||
| 080 | _a55/59-051 Riddell, W. H. | ||
| 080 | _a502.52(460.353/.354 Doñana)(091) | ||
| 100 | 1 |
_aBohórquez, Jaime, _d1963- _9234806 |
|
| 245 | 1 | 4 |
_aLos pioneros de Doñana (1872-1959) / _cJaime Bohórquez |
| 246 | 0 |
_iSubtítulo de la cubierta : _aLa deliciosa y salvaje historia de los naturalistas Abel Chapman, Walter J. Buck y William H. Riddell en los albores de la historia de Doñana, en una fabulosa España, agreste e inexplorada |
|
| 250 | _aPrimera edición: noviembre de 2022 | ||
| 264 | 1 |
_a[Córdoba] : _bGuadalmazán, _c[2022] |
|
| 264 | 4 | _c©2022 | |
| 300 |
_a169 páginas, 16 páginas de láminas sin numerar : _bilustraciones (blanco y negro y color) ; _c23 cm |
||
| 336 |
_aTexto _aImagen fija _2rdacontent |
||
| 337 |
_asin mediación _2rdamedia |
||
| 338 |
_avolumen _2rdacarrier |
||
| 490 | 1 | _aColección Divulgación científica | |
| 500 | _aHoy todos conocemos Doñana, un paraje natural protegido e inabarcable a la escala humana, donde cientos de especies de todos los órdenes imaginables desarrollan su vida. Pero muy pocos han oído hablar de la azarosa historia de los naturalistas Chapman, Buck y Riddell, tres aventureros ingleses que cambiaron la historia del Coto y fueron una pieza clave en su conservación. Este libro cuenta esta maravillosa y desconocida historia, la de unos hombres frente a un desierto y paraíso, un vergel y un páramo, frente a Doñana en una España agreste e indómita. «Cientos de aves se levantan a nuestro paso. No cabe imaginar un espectáculo más hermoso. Patos reales, rabudos, porrones, cercetas, malvasías, cigüeñuelas, garzas, garcetas, garcillas cangrejeras, avocetas, espátulas, fochas, zampullines, fumareles, charrancitos, chorlitos, correlimos, canasteras, archibebes... Entre todas es el flamenco la que más nos cautiva. Tomo apuntes del natural para después dibujarlos con detalle. La exuberante fauna esconde una dureza sin igual». «Es necesario acercar la belleza, pero también la fragilidad de la naturaleza, al público general. El ameno relato de Jaime Bohórquez sobre las aventuras de Chapman, Buck y Riddell en la España agreste e inexplorada, contribuye de forma oportuna e inigualable a recordar el origen del descubrimiento de Doñana y los avatares históricos que llevaron a convertirlo en un enclave considerado Patrimonio de la Humanidad». Rafael Zardoya, director mncn-csic «Siglos de civilización fueron alejando a los humanos de lo salvaje, lo agreste, lo inexplorado. Ese alejamiento parece consumarse a la altura del siglo xix, fascinado por una idea de progreso que se asocia a la máquina, la industria y la metrópolis. Justo entonces algunos visionarios redescubren el valor de la naturaleza silvestre no como espacio irredento, pendiente de ser transformado y aprovechado, sino, muy al contrario, como lugar de redención. Como un último reducto de espontaneidad y libertad, en el que los humanos civilizados pueden reencontrar el paisaje del que surgieron nuestros antepasados». Santos Casado, Departamento de Ecología, uam | ||
| 504 | _aBibliografía: página 169 | ||
| 600 | 0 | 4 |
_aChapman, Abel _938025 |
| 600 | 0 | 4 |
_aBuck, Walter J. _932317 |
| 600 | 1 | 7 |
_aRiddell, W. H., _d1880-1946 _9234807 |
| 610 | 2 | 7 |
_aParque Nacional de Doñana _xHistoria _9143528 |
| 830 |
_aColección Divulgación científica _9234808 |
||
| 852 |
_aES-MaACL _bR.154872 _cDEPOJ _9200980 _jN-9647 _hDonación: Jaime Bohórquez _gDedicatoria autógrafa del autor _xEncuadernación rústica con solapas |
||
| 903 |
_9234806 _aBohórquez, Jaime, _d1963- _ednr |
||
| 942 |
_n0 _cMONOGRAFIA |
||
| 999 |
_c193500 _d193500 |
||